Cesar : livres I, II, III et IV des commentaires sur la guerre des gaules

Αποθηκεύτηκε σε:
Λεπτομέρειες βιβλιογραφικής εγγραφής
Κύριος συγγραφέας: Caesar, Julius
Άλλοι συγγραφείς: Sommer, M. (Μεταφραστής)
Μορφή: Βιβλίο
Γλώσσα:French
Δημοσίευση: Paris : Hachette, 1865
Σειρά:Les Auteurs Latins
Θέματα:
Ετικέτες: Προσθήκη ετικέτας
Δεν υπάρχουν, Καταχωρήστε ετικέτα πρώτοι!

MARC

LEADER 00000cam a2200000 i 4500
001 1/68513
008 150309s1865 fre d
035 |l 10121371 
040 |a GR-MY-UA  |b gre  |e aacr 
041 0 |a fre 
082 0 |a 875.01  |2 (23) 
100 1 |a Caesar, Julius. 
245 1 0 |a Cesar :  |b livres I, II, III et IV des commentaires sur la guerre des gaules /  |c traduits en francais et annotes par M. Sommer 
260 |a Paris :   |b Hachette,   |c 1865 
300 |a με ποικίλη σελιδαρίθμηση;  |c 18 εκ. 
490 1 |a Les Auteurs Latins 
500 |a Στο verso ετικέτα "Τη Πορφυριάδι των Καρλοβασίων Σχολή, Κωνσταντίνος Κ. Νικολάου". Στη σ. τ. υπάρχει σφραγίδα "Πορφυριάς Αστική σχολή Καρλοβασίων" με αρ. 329. 
600 1 0 |a Caesar, Julius. 
650 0 0 |a Speeches, addresses, etc., Latin. 
650 0 0 |a Oratory, Ancient. 
700 1 |4 trl  |a Sommer, M. 
852 |a INST  |b SAMOS  |c PORFYRIADA  |e 20150309  |h 875.01 CES  |p 005300041930  |q 005300041930  |t NOLOAN  |y 23 
901 |a BIBL3-2015-1 
909 |a Σ  |b 191962 
970 |a ΣΙΤΖΙΜΗ  |b ΓΙΑΣΕΜΗ  |z 2015/03/09